Llei 6/2008, del 13 de maig, del Consell Nacional de la Cultura i de les Arts
Descripción Física:
26 p. ; 17 cm
Colección:
Textos legislatius ; 76
MARC
| LEADER | 00000nam a2200000Ia 4500 | ||
|---|---|---|---|
| 001 | 21318 | ||
| 008 | 160829s2009 xx 000 0 cat d | ||
| 080 | |a FU-35-46 | ||
| 100 | |a Catalunya. Llei del Consell Nacional de la Cultura i de les Arts (2008) |9 43275 | ||
| 245 | |a Llei 6/2008, del 13 de maig, del Consell Nacional de la Cultura i de les Arts | ||
| 250 | |a Ed. no venal | ||
| 260 | |a Barcelona : |b Parlament de Catalunya, |c 2009 | ||
| 300 | |a 26 p. ; |c 17 cm | ||
| 490 | |a Textos legislatius ; 76 | ||
| 590 | |a Títol a la coberta: Llei del Consell Nacional de la Cultura i de les Arts. | ||
| 590 | |a A la portada: Aprovada pel Ple del Parlament (tramitació núm. 200-00010/08) en la sessió núm. 36, del 7 de maig de 2008 (Diari de Sessions del Parlament de Catalunya, sèrie P, núm. 50/VIII); Publicada en el Butlletí Oficial del Parlament de Catalunya, núm. 26/VIII, del 21 de maig de 2008; Promulgada el 13 de maig de 2008 (Diari Oficial de la Generalitat de Catalunya, núm. 5135, del 21 de maig de 2008); Text consolidat de la Llei 6/2008, del 13 de maig, del Consell Nacional de la Cultura i de les Arts, afectada per la Llei 17/2008, del 23 de desembre, de modificació de la Llei 6/2008 | ||
| 650 | |a Política cultural |x Catalunya |x Dret i legislació |x 2008 |9 43276 | ||
| 650 | |a Arts de l'espectacle |x Catalunya |x Dret i legislació |x 2008 |9 43277 | ||
| 710 | 1 | |a Catalunya. |b Parlament |9 11492 | |
| 901 | |a Arxiu | ||
| 942 | |n 1 | ||
| 952 | |0 0 |1 0 |4 0 |6 FU3546 |7 1 |9 51310 |a Arxiu |b Arxiu |d 2016-12-01 |l 0 |o FU-35-46 |p 21318 |r 2016-12-01 00:00:00 |w 2016-12-01 |y ARXIU | ||
| 999 | |c 55154 |d 55154 | ||